MLB Milwaukee Brewers Best Players - Statistics

General Stats
  • This quiz has been taken 42 times
  • The average score is 12 of 24
Answer Stats
WAR Years Player Pos. Awards % Correct
47.2 2007 - 2020 Ryan Braun LF 5x SS, 2007 ROY, 2011 MVP
100%
27.5 2018 - Active Christian Yelich LF 2x SS, 2018 MVP
97%
77.4 1974 - 1993 Robin Yount SS GG, 3x SS, 1982 1989 MVP
97%
59.9 1978 - 1992 Paul Molitor 3B 2x SS
94%
30.7 1977 - 1987 Cecil Cooper 1B 2x GG, 3x SS
74%
16.8 2005 - 2011 Prince Fielder 1B 2x SS
71%
17.2 2010 - 2016 Jonathan Lucroy C
66%
18.6 2017 - Active Brandon Woodruff P
63%
22.8 2001 - 2008 Ben Sheets P
60%
18.3 2007 - 2014 Yovani Gallardo P SS
54%
18.5 1973 - 1983, 1986 Gorman Thomas CF
51%
19.0 2008 - 2015 Carlos Gómez CF GG
40%
28.4 1973 - 1983 Don Money 3B
40%
22.5 1972 - 1976 George Scott 1B 5x GG
37%
22.5 1976 - 1992 Jim Gantner 2B
37%
22.1 1998 - 2007 Geoff Jenkins LF
34%
30.3 1985 - 1994 Teddy Higuera P
34%
21.5 1978 - 1986 Ben Oglivie LF SS
31%
19.1 1974 - 1980 Sixto Lezcano RF GG
29%
26.2 1994 - 1999, 2005 - 2006 Jeff Cirillo 3B
23%
17.3 1977 - 1984 Mike Caldwell P
20%
15.7 1996 - 2001 Jeromy Burnitz RF
17%
17.8 1985 - 1995 Bill Wegman P
14%
18.6 1986 - 1992 Chris Bosio P
14%
No matching quizzes found
Score Distribution
Percent of People with Each Score
Percentile by Number Answered
Your Score History
You have not taken this quiz